| 000 | 00465nam a22001817a 4500 | ||
|---|---|---|---|
| 003 | MPLRDC | ||
| 005 | 20220104123352.0 | ||
| 008 | 210129b ||||| |||| 00| 0 eng d | ||
| 020 | _a962-491-009-X | ||
| 082 | _a857.621 HY-5 v.4 c.2 | ||
| 100 | _a黄易 | ||
| 245 |
_a大剑师传奇. 卷四: 天梦飘香 _c |
||
| 260 |
_a _b黄易出版社 _c |
||
| 300 | _b平 | ||
| 490 | _a黄易. 玄幻系列 | ||
| 650 | _a玄幻小说 | ||
| 942 |
_cBK _o857.621 HY-5 v.4 c.2 |
||
| 999 |
_c10865 _d10855 |
||